Wide area workflow management : creating partherships for the 21st century
Αποθηκεύτηκε σε:
| Κύριος συγγραφέας: | |
|---|---|
| Μορφή: | Βιβλίο |
| Γλώσσα: | English |
| Δημοσίευση: |
London ; New York :
Springer,
c1998
|
| Σειρά: | Computer supported cooperative work
|
| Θέματα: | |
| Ετικέτες: |
Προσθήκη ετικέτας
Δεν υπάρχουν, Καταχωρήστε ετικέτα πρώτοι!
|
MARC
| LEADER | 00000nam a2200000 i 4500 | ||
|---|---|---|---|
| 001 | 1/12694 | ||
| 008 | 001016s1998 eng d | ||
| 020 | |a 3-540-76243-4 | ||
| 035 | |l 10064301 | ||
| 040 | |a GR-MY-UA |b gre |e aacr | ||
| 041 | 0 | |a eng | |
| 082 | 0 | |a 658.4020285 |2 (21) | |
| 100 | 1 | |a Riempp, Gerold |d 1965- | |
| 245 | 1 | 0 | |a Wide area workflow management : |b creating partherships for the 21st century / |c Gerold Riempp |
| 260 | |a London ; New York : |b Springer, |c c1998 | ||
| 300 | |a xiv, 318 σ.; |b εικ.; |c 24 εκ. | ||
| 490 | 1 | |a Computer supported cooperative work | |
| 504 | |a Βιβλιογραφία: σ. [265]-304. Ευρετήριο | ||
| 650 | 0 | 0 | |a Teams in the workplace |x Computer networks. |
| 650 | 0 | 0 | |a Workflow |x Management. |
| 830 | 0 | |a Computer supported cooperative work | |
| 852 | |a INST |b SAMOS |e 20001016 |h 658.4020285 RIE |p 005300018807 |q 005300018807 |t BK |y 23 | ||
| 852 | |a INST |b SAMOS |e 20001016 |h 658.4020285 RIE |p 005300018808 |q 005300018808 |t BK |y 0 | ||
| 852 | |a INST |b SAMOS |e 20001016 |h 658.4020285 RIE |p 005300018809 |q 005300018809 |t BK |y 0 | ||
| 852 | |a INST |b SYROS |e 20010208 |h 658.4020285 RIE |p 005500001451 |q 005500001451 |t BK |y 0 | ||
| 901 | |a BIBL5-2001-1 | ||
| 901 | |a BIBL3-2000-3 | ||
| 909 | |a Ε |b 084433 | ||
| 909 | |a Σ |b 079721 | ||
| 909 | |a Σ |b 079722 | ||
| 909 | |a Σ |b 079723 | ||
| 922 | |a 5ΕΛΗ |b 200012 |c ΓΡΑΦΙΚΩΝ ΤΕΧΝΩΝ |d ΜΙΧΑΛΟΠΟΥΛΟΣ | ||
| 922 | |a 3ΕΛΗ |b 200002 |c ΤΠΕΣ/ΠΟΛ |d LEADER | ||
| 950 | |a 183-2000-12-08 | ||
| 970 | |a ΚΟΝΤΟΥ |b ΠΑΡΑΣΚΕΥΗ |z 2001/02/09 | ||
| 970 | |a ΚΟΣΙΕΡΗΣ |b ΧΡΗΣΤΟΣ |z 2000/10/16 | ||